| 000 | 00866cam a2200241 a 4500 | ||
|---|---|---|---|
| 001 | 000015182 | ||
| 005 | 20200929163957.0 | ||
| 008 | 840403s1974 sp a 001 0 spa | ||
| 040 |
_aDO-SdBNP _bspa _cDLC _dBNPHU |
||
| 082 |
_a264.2395 _bC223g |
||
| 100 | 1 |
_aCanino Salgado, Marcelino J. _934385 |
|
| 245 | 1 | 0 |
_aGozos devocionales de la tradición puertorriqueña / _cMarcelino J. Canino Salgado. |
| 260 |
_aMadrid, España : _bEditorial Universitaria, Universidad de Puerto Rico, _c1974. |
||
| 300 |
_a148 p. : _bil., rets ; _c18 cm. |
||
| 490 | 1 |
_aUprex _v32 |
|
| 490 | 1 | _aLengua y folklore | |
| 650 | 4 |
_aIglesia católica _xHimnos _934386 |
|
| 650 | 4 |
_aHimnos religiosos _zPuerto Rico _934387 |
|
| 650 | 4 |
_aPoesía religiosa puertorriqueña _934388 |
|
| 830 | 0 |
_aUprex _pLengua y folklore ; _v32 _934389 |
|
| 910 | _aCatalogación por copia / LC | ||
| 049 | _aBNGR | ||
| 999 |
_c14753 _d14753 |
||